Quiz Les empires : le Second Empire (1852-1870) / Histoire de France - Statistiques

Statistiques générales
  • Ce quiz a été pris 418 fois
  • Le résultat moyen est 11 sur 15
Statistiques - réponses
Question Réponse % Correct
Quel évènement est à l'origine de la mise en place du Second Empire ? Le coup d'Etat du 2 décembre 1851
94%
La Constitution du 14 janvier 1852 est encore une Constitution républicaine. Mais après un plébiscite en novembre, le 2 décembre 1852 Louis-Napoléon Bonaparte est proclamé empereur héréditaire des Français sous le nom de Napoléon III
91%
Quel préfet de la Seine de 1853 à 1870 engage la transformation et l'aménagement de Paris ? Le baron Haussmann
89%
Quel réseau de transport passe de 1852 à 1870 de 3000 à 18000 kilomètres ? Le réseau ferré
88%
De 1854 à 1856, quelle guerre oppose sur le sol russe la Russie à la France et au Royaume-Uni ? La guerre de Crimée
87%
Quelle guerre provoque la chute du régime ? La guerre franco-allemande de 1870
83%
De 1862 à 1867, dans quel pays frontalier des Etats-Unis Napoléon III lance-t-il une expédition et instaure-t-il un empire ? Le Mexique
80%
Quel célèbre canal égyptien, construit avec des capitaux franco-britanniques, est inauguré en 1869 ? Le canal de Suez
75%
En janvier 1853, Napoléon III épouse Eugénie de Montijo
73%
En 1866, la population de la France sous le Second Empire s'élève à plus de 38 millions
63%
De 1852 à 1870, le développement du commerce intérieur amène l'apparition Des grands magasins
62%
Au traité de Huê du 5 juin 1862, la France annexe la basse Cochinchine, amorce de l'Indochine française. Dans quel pays actuel d'Extrême-Orient se situe la Cochinchine ? Le Vietnam
55%
En 1859, la France et le royaume de Piémont-Sardaigne s'allient contre l'Autriche qui est alors présente en Lombardie et Vénétie. La guerre qui en résulta fut la contribution de Napoléon III En faveur de l'unité italienne
54%
Cette même année 1859, le régime commence à se libéraliser. Le premier geste de Napoléon III est D'amnistier 1800 condamnés politiques
44%
En 1858, l'Italien Teobaldus Orsus Felice Orsini tente d'assassiner Napoléon III. Il veut le punir De n'avoir rien fait pour la cause de l'unité italienne
44%
Aucun quiz correspondant
Distribution des résultats
% des personnes avec chaque résultat
Percentile par nombre de réponses
Votre historique - résultats
Vous n’avez pas pris ce quiz